LECTURA Y REDACCIÓN II (Registro nro. 68625)

Detalles MARC
000 -CABECERA
campo de control de longitud fija 00664nam a22002177a 4500
003 - IDENTIFICADOR DEL NÚMERO DE CONTROL
campo de control BPGM
008 - DATOS DE LONGITUD FIJA--INFORMACIÓN GENERAL
campo de control de longitud fija 260618s mx a|||gr|||| 001 ||SPA||
020 ## - NÚMERO INTERNACIONAL ESTÁNDAR DEL LIBRO
Número Internacional Estándar del Libro SIN ISBN
040 ## - FUENTE DE LA CATALOGACIÓN
Lengua de catalogación spa
041 ## - CÓDIGO DE LENGUA
Código de lengua del texto/banda sonora o título independiente SPA
Código de lengua original SPA
082 04 - NÚMERO DE LA CLASIFICACIÓN DECIMAL DEWEY
Número de edición TERCERA EDICIÓN
Número de clasificación PTM / 800
100 ## - ENTRADA PRINCIPAL--NOMBRE DE PERSONA
Nombre de persona LÓPEZ MONTERO, FRANCISCO
Títulos y otros términos asociados al nombre AUTOR
245 ## - MENCIÓN DE TÍTULO
Título LECTURA Y REDACCIÓN II
260 ## - PUBLICACIÓN, DISTRIBUCIÓN, ETC.
Lugar de publicación, distribución, etc. QUERÉTARO, MÉXICO
Nombre del editor, distribuidor, etc. UNIVERSIDAD AUTÓNOMA DE QUERÉTARO
Fecha de publicación, distribución, etc. ENERO 2000
300 ## - DESCRIPCIÓN FÍSICA
Extensión 329 PÁGINAS;
Dimensiones 21 CM X 17 CM
336 ## - TIPO DE CONTENIDO
Fuente rdacontent
Término de tipo de contenido texto
Código de tipo de contenido txt
337 ## - TIPO DE MEDIO
Fuente rdamedia
Nombre/término del tipo de medio sin mediación
Código del tipo de medio n
338 ## - TIPO DE SOPORTE
Fuente rdacarrier
Nombre/término del tipo de soporte volumen
Código del tipo de soporte nc
650 ## - PUNTO DE ACCESO ADICIONAL DE MATERIA--TÉRMINO DE MATERIA
Término de materia o nombre geográfico como elemento de entrada LENGUA Y COMUNICACIÓN
Subdivisión de forma 800
Subdivisión general 800
Subdivisión cronológica 00
Subdivisión geográfica 0
942 ## - ELEMENTOS DE PUNTO DE ACCESO ADICIONAL (KOHA)
Fuente del sistema de clasificación o colocación Dewey Decimal Classification
Tipo de ítem Koha Colección Querétaro
Existencias
Estado de retiro Estado de pérdida Fuente del sistema de clasificación o colocación Estado dañado No para préstamo Código de colección Localización permanente Ubicación/localización actual Ubicación en estantería Fecha de adquisición Fuente de adquisición Información codificada de la localización en otra ubicación Número de inventario Total de préstamos Signatura topográfica completa Fecha visto por última vez Número de copia Precio válido a partir de Tipo de ítem Koha
    Dewey Decimal Classification   Préstamo en Sala Colección General BFC BIBLIOTECA PÚBLICA CENTRAL ESTATAL “FRANCISCO CERVANTES” BIBLIOTECA PÚBLICA CENTRAL ESTATAL “FRANCISCO CERVANTES” ACCESO "B" PLANTA ALTA 06/18/2026 DONACIÓN ACCESO "B" EJ. 1   PTM / 800 06/18/2026 EJ. 1 06/18/2026 Colección Querétaro
    Dewey Decimal Classification     Colección General BFC BIBLIOTECA PÚBLICA CENTRAL ESTATAL “FRANCISCO CERVANTES” BIBLIOTECA PÚBLICA CENTRAL ESTATAL “FRANCISCO CERVANTES” ACCESO "B" PLANTA ALTA 06/18/2026 DONACIÓN ACCESO "B" EJ. 2   PTM / 800 06/18/2026 EJ. 2 06/18/2026 Colección Querétaro
    Dewey Decimal Classification     Colección General BFC BIBLIOTECA PÚBLICA CENTRAL ESTATAL “FRANCISCO CERVANTES” BIBLIOTECA PÚBLICA CENTRAL ESTATAL “FRANCISCO CERVANTES” ACCESO "B" PLANTA ALTA 06/18/2026 DONACIÓN ACCESO "B" EJ. 3   PTM / 800 06/18/2026 EJ. 3 06/18/2026 Colección Querétaro
    Dewey Decimal Classification     Colección General BFC BIBLIOTECA PÚBLICA CENTRAL ESTATAL “FRANCISCO CERVANTES” BIBLIOTECA PÚBLICA CENTRAL ESTATAL “FRANCISCO CERVANTES” ACCESO "B" PLANTA ALTA 06/18/2026 DONACIÓN ACCESO "B" EJ. 4   PTM / 800 06/18/2026 EJ. 4 06/18/2026 Colección Querétaro